Online Public Access Catalogue

MCQs in Applied Basic Science for Basic Surgical Training (SSH) (Record no. 3314)

MARC details
000 -LEADER
fixed length control field 00395nam a2200145Ia 4500
082 ## - DEWEY DECIMAL CLASSIFICATION NUMBER
Classification number WO 18.2
Author Mark JAC
100 ## - MAIN ENTRY--PERSONAL NAME
Author Name Jacob,S.
245 #0 - TITLE STATEMENT
Title MCQs in Applied Basic Science for Basic Surgical Training (SSH)
Statement of responsibility, etc. Jacob,S.
250 ## - EDITION STATEMENT
Edition statement 1st
260 ## - PUBLICATION, DISTRIBUTION, ETC.
Place of publication, distribution, etc. Edinburgh UK
Name of publisher, distributor, etc. Churchill Livingstone
Date of publication, distribution, etc. 2000
300 ## - PHYSICAL DESCRIPTION
No of Pages 215
650 ## - SUBJECT ADDED ENTRY--TOPICAL TERM
Subject Surgery
942 ## - ADDED ENTRY ELEMENTS (KOHA)
Koha item type Books
952 ## - LOCATION AND ITEM INFORMATION (KOHA)
-- 2018-03-16
Holdings
Withdrawn status Lost status Damaged status Not for loan Home library Current library Shelving location Date acquired Total Checkouts Full call number Barcode Date last seen Koha item type
        Islamabad Medical and Dental College Islamabad Medical and Dental College Islamabad Medical and Dental College 16/03/2018   WO 18.2 4510 16/03/2018 Books

Copyright @ IMDC Library
Islamabad Medical and Dental College
Bhara Kahu, Islamabad

  Contact the Librarian, IMDC
  Email:: library@imdcollege.edu.pk

  OPAC Customized by
  Mazhar Hussain,
  Librarian:
  Islamabad Medical and Dental College
  Email:: library@imdcollege.edu.pk